<?xml version="1.0" encoding="UTF-8"?>
<record
    xmlns:xsi="http://www.w3.org/2001/XMLSchema-instance"
    xsi:schemaLocation="http://www.loc.gov/MARC21/slim http://www.loc.gov/standards/marcxml/schema/MARC21slim.xsd"
    xmlns="http://www.loc.gov/MARC21/slim">

  <leader>01801nam a2200469   4500</leader>
  <datafield tag="999" ind1=" " ind2=" ">
    <subfield code="c">23221</subfield>
    <subfield code="d">23221</subfield>
  </datafield>
  <controlfield tag="001">vtls011789089</controlfield>
  <controlfield tag="005">20220427112914.0</controlfield>
  <controlfield tag="008">181106s2018    xo oa  g      001 0 slo  </controlfield>
  <datafield tag="020" ind1=" " ind2=" ">
    <subfield code="a">9788085501704</subfield>
    <subfield code="q">(viazan&#xE9;)</subfield>
  </datafield>
  <datafield tag="040" ind1=" " ind2=" ">
    <subfield code="a">SVKBB</subfield>
    <subfield code="b">slo</subfield>
    <subfield code="c">SVKBB</subfield>
    <subfield code="e">rda</subfield>
  </datafield>
  <datafield tag="041" ind1="0" ind2=" ">
    <subfield code="a">slo</subfield>
  </datafield>
  <datafield tag="044" ind1=" " ind2=" ">
    <subfield code="a">xo</subfield>
    <subfield code="c">SK</subfield>
  </datafield>
  <datafield tag="072" ind1=" " ind2="7">
    <subfield code="a">94(437.6)</subfield>
    <subfield code="x">Dejiny Slovenskej republiky</subfield>
    <subfield code="2">konspekt</subfield>
  </datafield>
  <datafield tag="080" ind1=" " ind2=" ">
    <subfield code="a">94"04/14"</subfield>
    <subfield code="2">2011</subfield>
  </datafield>
  <datafield tag="080" ind1=" " ind2=" ">
    <subfield code="a">94"1492/1789"</subfield>
    <subfield code="2">2011</subfield>
  </datafield>
  <datafield tag="080" ind1=" " ind2=" ">
    <subfield code="a">94(430/439)</subfield>
    <subfield code="2">2011</subfield>
  </datafield>
  <datafield tag="080" ind1=" " ind2=" ">
    <subfield code="a">94(437.6)</subfield>
    <subfield code="2">2011</subfield>
  </datafield>
  <datafield tag="080" ind1=" " ind2=" ">
    <subfield code="a">(048.8)</subfield>
    <subfield code="2">2011</subfield>
  </datafield>
  <datafield tag="100" ind1="1" ind2=" ">
    <subfield code="a">Dvo&#x159;&#xE1;k, Pavel,</subfield>
    <subfield code="d">1937-2018</subfield>
    <subfield code="4">aut</subfield>
    <subfield code="9">2979</subfield>
  </datafield>
  <datafield tag="245" ind1="1" ind2="0">
    <subfield code="a">Stopy d&#xE1;vnej minulosti</subfield>
    <subfield code="b">dejiny Slovenska v pr&#xED;behoch a desiatich zv&#xE4;zkoch</subfield>
    <subfield code="n">9</subfield>
    <subfield code="p">Posledn&#xFD; Turek. Stavovsk&#xE9; povstanie a koniec osmansk&#xFD;ch vojen</subfield>
    <subfield code="c">Pavel Dvo&#x159;&#xE1;k ; photography Pavel Dvo&#x159;&#xED;k mlad&#x161;&#xED;, Jakub Dvo&#x159;&#xE1;k</subfield>
  </datafield>
  <datafield tag="246" ind1="3" ind2="0">
    <subfield code="a">Posledn&#xFD; Turek</subfield>
  </datafield>
  <datafield tag="246" ind1="3" ind2="0">
    <subfield code="a">Stavovsk&#xE9; povstanie a koniec osmansk&#xFD;ch vojen</subfield>
  </datafield>
  <datafield tag="250" ind1=" " ind2=" ">
    <subfield code="a">Vydanie prv&#xE9;</subfield>
  </datafield>
  <datafield tag="260" ind1=" " ind2=" ">
    <subfield code="a">Budmerice</subfield>
    <subfield code="b">Rak</subfield>
    <subfield code="c">2018</subfield>
  </datafield>
  <datafield tag="300" ind1=" " ind2=" ">
    <subfield code="a">263 str&#xE1;n</subfield>
    <subfield code="b">fotografie (niektor&#xE9; farebn&#xE9;), ilustr&#xE1;cie</subfield>
    <subfield code="c">26 cm</subfield>
  </datafield>
  <datafield tag="490" ind1="1" ind2=" ">
    <subfield code="a">Stopy d&#xE1;vnej minulosti</subfield>
  </datafield>
  <datafield tag="648" ind1=" " ind2="7">
    <subfield code="a">14.-16. storo&#x10D;ie</subfield>
    <subfield code="2">SNKPH</subfield>
    <subfield code="9">2980</subfield>
  </datafield>
  <datafield tag="648" ind1=" " ind2="7">
    <subfield code="a">14th-16th ceturies</subfield>
    <subfield code="2">SNKPHeng</subfield>
    <subfield code="9">2981</subfield>
  </datafield>
  <datafield tag="650" ind1="0" ind2="7">
    <subfield code="a">tureck&#xE9; vojny</subfield>
    <subfield code="2">SNKPH</subfield>
    <subfield code="9">2982</subfield>
  </datafield>
  <datafield tag="650" ind1="0" ind2="7">
    <subfield code="a">stredovek</subfield>
    <subfield code="2">SNKPH</subfield>
    <subfield code="9">2983</subfield>
  </datafield>
  <datafield tag="650" ind1="0" ind2="7">
    <subfield code="a">ran&#xFD; novovek</subfield>
    <subfield code="2">SNKPH</subfield>
    <subfield code="9">2984</subfield>
  </datafield>
  <datafield tag="650" ind1="0" ind2="7">
    <subfield code="a">Middle ages</subfield>
    <subfield code="2">SNKPHeng</subfield>
    <subfield code="9">2985</subfield>
  </datafield>
  <datafield tag="651" ind1=" " ind2="7">
    <subfield code="a">Uhorsko</subfield>
    <subfield code="x">dejiny</subfield>
    <subfield code="2">SNKPHgeo</subfield>
    <subfield code="9">2986</subfield>
  </datafield>
  <datafield tag="651" ind1=" " ind2="7">
    <subfield code="a">Slovensko</subfield>
    <subfield code="x">dejiny</subfield>
    <subfield code="2">SNKPHgeo</subfield>
    <subfield code="9">1981</subfield>
  </datafield>
  <datafield tag="651" ind1=" " ind2="7">
    <subfield code="a">Hungary</subfield>
    <subfield code="x">history</subfield>
    <subfield code="2">SNKPHeng</subfield>
    <subfield code="9">2987</subfield>
  </datafield>
  <datafield tag="651" ind1=" " ind2="7">
    <subfield code="a">Slovakia</subfield>
    <subfield code="x">history</subfield>
    <subfield code="2">SNKPHeng</subfield>
    <subfield code="9">2322</subfield>
  </datafield>
  <datafield tag="655" ind1=" " ind2="7">
    <subfield code="a">monografie</subfield>
    <subfield code="2">SNKPH</subfield>
    <subfield code="9">1661</subfield>
  </datafield>
  <datafield tag="655" ind1=" " ind2="7">
    <subfield code="a">Monographs</subfield>
    <subfield code="2">SNKPHeng</subfield>
    <subfield code="9">1662</subfield>
  </datafield>
  <datafield tag="700" ind1="1" ind2=" ">
    <subfield code="a">Dvo&#x159;&#xE1;k, Pavel,</subfield>
    <subfield code="c">ml.</subfield>
    <subfield code="4">pht</subfield>
    <subfield code="9">2988</subfield>
  </datafield>
  <datafield tag="700" ind1="1" ind2=" ">
    <subfield code="a">Dvo&#x159;&#xE1;k, Jakub,</subfield>
    <subfield code="d">1970-2017</subfield>
    <subfield code="4">pht</subfield>
    <subfield code="9">2989</subfield>
  </datafield>
  <datafield tag="952" ind1=" " ind2=" ">
    <subfield code="0">0</subfield>
    <subfield code="1">0</subfield>
    <subfield code="2">udc</subfield>
    <subfield code="4">0</subfield>
    <subfield code="7">0</subfield>
    <subfield code="8">K</subfield>
    <subfield code="a">10000</subfield>
    <subfield code="b">10000</subfield>
    <subfield code="d">2019-11-29</subfield>
    <subfield code="g">17.00</subfield>
    <subfield code="i">21175</subfield>
    <subfield code="o">I1838</subfield>
    <subfield code="p">I1838</subfield>
    <subfield code="r">2022-04-27</subfield>
    <subfield code="w">2022-04-27</subfield>
    <subfield code="y">OLDO</subfield>
  </datafield>
</record>
